Flags With Stars on Them #1 - Statistics

General Stats
  • This quiz has been taken 45 times
  • The average score is 10 of 13
Answer Stats
Picture Answer % Correct
Liberia
94%
Senegal
94%
Somalia
91%
North Korea
89%
Honduras
86%
Chile
80%
Guinea Bissau
80%
Mozambique
77%
Equatorial Guinea
74%
Solomon Islands
74%
Burundi
69%
Samoa
69%
Togo
66%
No matching quizzes found
Score Distribution
Percent of People with Each Score
Percentile by Number Answered
Your Score History
You have not taken this quiz